000 01076cam a22003257a 4500
003 CHAP
005 20220329134250.0
008 971013s r 00010 d
010 _a17840
011 _a18812
035 _a22897
040 _cCHAP
090 _aFolleto 14365
100 0 0 _aLabrandero I., E.
_964302
245 0 _aCómo combatir a los murciélagos vampiros
260 _aCuajimalpa, D.F. :
_bINIFAP. Centro Nacional de Información y Documentación,
_c19-?
300 _aHoja desplegable
590 _aBATCH-UPD
_b10
_c20130110
_lUCH01
_h0002
590 _aBATCH-UPD
_b10
_c20130110
_lUCH01
_h1021
590 _aBATCH-UPD
_b10
_c20130409
_lUCH01
_h1936
590 _aBATCH-UPD
_b10
_c20130410
_lUCH01
_h0626
590 _aBATCH-UPD
_b10
_c20130914
_lUCH01
_h1418
590 _aCONVERSION
_b10
_c20130109
_lUCH01
_h1311
650 1 4 _aMurciélagos.
_979731
700 0 _aFlores Crespo, Raúl.
_941477
901 _aBK
942 _cFOLL
949 _aFolleto 14365
_bBC
_cFOLL
_d-53479
_eTS1
_i22897
_si
949 _aFolleto 14365
_bBC
_cFOLL
_d-53480
_eTS2
_fc.2
_i22897
_si
999 _c17840
_d17840